Povinné zmluvné poistenie

Zákon č. 381/2001 Z.z. o povinnom zmluvnom poistení zodpovednosti za škodu spôsobenú prevádzkou motorového vozidla a o zmene a doplnení niektorých zákonov. Znenie vyhlášky č. 413/2001 Z.z., ktorou sa vykonáva zákon o povinnom zmluvnom poistení zodpovednosti za škodu spôsobenú prevádzkou motorového v...

Descrizione completa

Salvato in:
Dettagli Bibliografici
Autore principale: Fekete, Imrich
Natura: Capitolo di libro
Lingua:slovacco
Soggetti:
Tags: Aggiungi Tag
Nessun Tag, puoi essere il primo ad aggiungerne!!

MARC

LEADER 00000naa a2200000 4500
001 r043613
005 20230919120312.0
041 0 |a slo 
044 |a SK 
245 1 0 |a Povinné zmluvné poistenie  |c Imrich Fekete 
520 |a Zákon č. 381/2001 Z.z. o povinnom zmluvnom poistení zodpovednosti za škodu spôsobenú prevádzkou motorového vozidla a o zmene a doplnení niektorých zákonov. Znenie vyhlášky č. 413/2001 Z.z., ktorou sa vykonáva zákon o povinnom zmluvnom poistení zodpovednosti za škodu spôsobenú prevádzkou motorového vozidla a o zmene a doplnení niektorých zákonov. 
610 2 0 |a poistenie vozidiel motorových 
610 2 0 |a poistenie zodpovednosti za škody 
610 2 0 |a poistenie zmluvné 
610 2 0 |a zákony 
610 2 0 |a Slovensko 
100 1 |a Fekete, Imrich